| 000 | 01388cam a2200301 i 4500 | ||
|---|---|---|---|
| 003 | SA-RiAUC | ||
| 005 | 20241230073601.0 | ||
| 008 | 241229s1988 le f b 00100 ara c | ||
| 040 |
_aSA-JeALM _bara _cSA-RiAUC _erda |
||
| 082 | 0 | 4 | _a216 |
| 090 |
_a216 _bد ا ع |
||
| 100 | 1 |
_aالداعوق، عمر وفيق _eمؤلف. |
|
| 245 | 1 | 0 |
_aتحفة الأريب في الرد على أهل الصليب لأبي محمد عبد الله الترجمان الميورقي / _cدراسة وتحقيق وتعليق عمر وفيق الداعوق. |
| 250 | _aالطبعة الأولى. | ||
| 264 | 1 |
_aبيروت : _bدار البشائر الإسلامية، _c1988 |
|
| 300 |
_a320 صفحة ؛ _c24 سم |
||
| 336 |
_aنص _btxt _2rdacontent _3كتاب |
||
| 337 |
_aبدون وسيط _bn _2rdamedia |
||
| 338 |
_aمجلد _bnc _2rdacarrier |
||
| 500 | _aكشافات : صفحة 289-305. | ||
| 500 | _aالأصل أطروحة ماجستير-كلية الشريعة والدراسات الإسلامية، جامعة أم القرى. | ||
| 504 | _aببليوجرافية : صفحة 307-315. | ||
| 600 | 1 | 7 |
_aالترجمان، عبد الله بن عبد الله، _dتوفي بعد 823 هجري _2aucnm |
| 650 | 7 |
_aالإسلام والمسيحية _2aucsh |
|
| 650 | 7 |
_aالإسلام _xدفع مطاعن _2aucsh |
|
| 942 |
_2ddc _cBOOK _n0 |
||
| 949 |
_aSA-JeALM _d241229 _uosman123 _n1 |
||
| 999 |
_c4088 _d4088 |
||